Does lepenism exist without le pen?
সংরক্ষণ করুন:
| প্রধান লেখক: | |
|---|---|
| বিন্যাস: | পাঠ্য |
| বিষয়গুলি: | |
| ট্যাগগুলো: |
ট্যাগ যুক্ত করুন
কোনো ট্যাগ নেই, প্রথমজন হিসাবে ট্যাগ করুন!
|
MARC
| LEADER | 00000 a a2200000 04500 | ||
|---|---|---|---|
| 001 | 18924 | ||
| 003 | |||
| 040 | |||
| 100 | |a Perrineau, Pascal | ||
| 245 | |a Does lepenism exist without le pen? | ||
| 650 | |a ELECCIONES | ||
| 650 | |a NACION | ||
| 650 | |a CLASES SOCIALES | ||
| 650 | |a NACIONALISMO | ||
| 650 | |a POPULISMO | ||
| 650 | |a ETNICIDAD | ||
| 650 | |a FRANCIA | ||
| 773 | |g número 20; 21-34 | ||
| 999 | |c 34632 |d 34632 | ||
